NBA All-Stars By Letter - O - Statistics

General Stats
  • This quiz has been taken 749 times
    726 since last reset
  • The average score is 4 of 7
Answer Stats
Players Selections Last Teams % Correct
Shaquille O'Neal 14 2009 Magic-Lakers-Heat-Suns
98%
Jermaine O'Neal 5 2007 Pacers
96%
Hakeem Olajuwon 12 1997 Rockets
95%
Victor Oladipo 2 2019 Pacers
76%
Charles Oakley 1 1994 Knicks
45%
Mehmet Okur 1 2007 Jazz
29%
Don Ohl 5 1967 Pistons-Bullets
8%
No matching quizzes found
Score Distribution
Percent of People with Each Score
Percentile by Number Answered
Your Score History
You have not taken this quiz since the last reset